| 000 | 00759nam a2200253 4500 | ||
|---|---|---|---|
| 003 | OSt | ||
| 005 | 20260601171016.0 | ||
| 008 | 260508b2010\\\\|||o||||\||||\001\0\eng\d | ||
| 020 | _a9789881950895 | ||
| 040 |
_aICI _bspa _cICI _erda |
||
| 050 |
_aDS810 _b.I57 |
||
| 245 | _aInternational Visual Communication | ||
| 264 |
_aDesign Media Publishing Limited _b2010 _cChina |
||
| 300 | _a373 páginas | ||
| 336 |
_2rdacontent _atexto |
||
| 337 |
_2rdamedia _asin medio |
||
| 338 |
_2rdacarrier _avolumen |
||
| 650 | _aComunicación visual | ||
| 650 |
_aDiseño gráfico _918020 |
||
| 650 |
_aComunicación internacional _933999 |
||
| 650 |
_aMedios de comunicación _xAspectos visuales _934000 |
||
| 700 |
_aZhou, Jie _ecoordinador _934001 |
||
| 942 |
_2lcc _n1 _cB |
||
| 999 |
_c20705 _d20705 |
||